[Event "Moscow Alekhine op"]
[Site "Moscow"]
[Date "1996.??.??"]
[Round "1"]
[White "Lagunov, Evgenij"]
[Black "Makarichev, Sergey"]
[Result "0-1"]
[WhiteElo "2320"]
[BlackElo "2540"]
[PlyCount "72"]
[EventDate "1996.??.??"]
[EventType "swiss"]
[EventRounds "9"]
[EventCountry "RUS"]
[SourceTitle "EXT 1998"]
[Source "ChessBase"]
[SourceDate "1997.11.17"]
[SourceVersion "1"]
[SourceVersionDate "1997.11.17"]
[SourceQuality "1"]

1. e4 c5 2. Nf3 Nc6 3. d4 cxd4 4. Nxd4 Nf6 5. Nc3 d6 6. Bc4 Bd7 7. Bb3 g6 8. f3 Nxd4 9. Qxd4 Bg7 10. Be3 0-0 11. Qd2 b5 12. 0-0 b4 13. Ne2 a5 14. c3 a4 15. Bc4 bxc3 16. Nxc3 Qa5 17. Rac1 Rfc8 18. b3 axb3 19. axb3 Be6 20. Bxe6 fxe6 21. Na4 Qb5 22. Nb6 Rxc1 23. Qxc1 Ra2 24. Qc4 Qxc4 25. bxc4 Re2 26. Bf2 Rc2 27. e5 dxe5 28. c5 e4 29. Re1 Bh6 30. Kf1 Bd2 31. Rxe4 Nxe4 32. fxe4 Kf7 33. Nd7 Bf4 34. g3 Ke8 35. Nb6 Bd2 36. Bg1 Bb4 0-1

[Event "Moscow Alekhine op"]
[Site "Moscow"]
[Date "1996.??.??"]
[Round "2"]
[White "Makarichev, Sergey"]
[Black "Zakharevich, Igor"]
[Result "1/2-1/2"]
[WhiteElo "2540"]
[BlackElo "2435"]
[PlyCount "36"]
[EventDate "1996.??.??"]
[EventType "swiss"]
[EventRounds "9"]
[EventCountry "RUS"]
[SourceTitle "EXT 1999"]
[Source "ChessBase"]
[SourceDate "1998.11.16"]
[SourceVersion "1"]
[SourceVersionDate "1998.11.16"]
[SourceQuality "1"]

1. e4 e6 2. Nf3 d5 3. Nc3 dxe4 4. Nxe4 Nd7 5. g3 b6 6. Bg2 Bb7 7. d3 Ngf6 8. Nfg5 Nxe4 9. Nxe4 Rb8 10. 0-0 Be7 11. Re1 0-0 12. d4 Nf6 13. Nxf6+ Bxf6 14. Bxb7 Rxb7 15. Qf3 Qd5 16. Qxd5 exd5 17. c3 c5 18. Be3 cxd4 1/2-1/2

[Event "Moscow Alekhine op"]
[Site "Moscow"]
[Date "1996.??.??"]
[Round "?"]
[White "Volkov, Sergey"]
[Black "Makarichev, Sergey"]
[Result "1-0"]
[WhiteElo "2460"]
[BlackElo "2540"]
[PlyCount "37"]
[EventDate "1996.??.??"]
[EventType "swiss"]
[EventRounds "9"]
[EventCountry "RUS"]
[SourceTitle "EXT 1999"]
[Source "ChessBase"]
[SourceDate "1998.11.16"]
[SourceVersion "1"]
[SourceVersionDate "1998.11.16"]
[SourceQuality "1"]

1. d4 Nf6 2. c4 e6 3. Nc3 Bb4 4. f3 d5 5. a3 Bxc3+ 6. bxc3 c6 7. e3 b6 8. cxd5 cxd5 9. a4 0-0 10. a5 Ba6 11. Bxa6 Nxa6 12. Qd3 Qc7 13. axb6 axb6 14. Rxa6 Rxa6 15. Qxa6 Qxc3+ 16. Bd2 Qc2 17. Ne2 e5 18. Qxb6 h6 19. Qc5 1-0

[Event "RUS-ch"]
[Site "Elista"]
[Date "1995.??.??"]
[Round "6"]
[White "Makarichev, Sergey"]
[Black "Namgilov, Sogto"]
[Result "1/2-1/2"]
[WhiteElo "2540"]
[BlackElo "2425"]
[PlyCount "67"]
[EventDate "1995.10.??"]
[EventType "swiss"]
[EventRounds "11"]
[EventCountry "RUS"]
[SourceTitle "CBM 050"]
[Source "ChessBase"]
[SourceDate "1996.02.01"]
[SourceVersion "1"]
[SourceVersionDate "1996.02.01"]
[SourceQuality "1"]

1. e4 c5 2. g3 d5 3. exd5 Qxd5 4. Nf3 Nc6 5. Nc3 Qe6+ 6. Qe2 Qxe2+ 7. Bxe2 Bd7 8. Nb5 Rc8 9. c3 e5 10. d3 a6 11. Na3 b5 12. 0-0 Bd6 13. Ng5 f5 14. f4 Nf6 15. fxe5 Nxe5 16. Nc2 0-0 17. Ne3 g6 18. Nf3 Bc6 19. Nxe5 Bxe5 20. Bd2 Rfe8 21. Rad1 Re6 22. Bc1 Rce8 23. Bf3 Bxf3 24. Rxf3 h5 25. a3 Kf7 26. Ng2 Bd6 27. h3 a5 28. Rd2 Re2 29. Kf1 R2e6 30. Rdf2 a4 31. Bg5 Nh7 32. Bd2 Nf6 33. Bg5 Nh7 34. Bd2 1/2-1/2

[Event "RUS-chT 02nd"]
[Site "Kolontaevo"]
[Date "1994.??.??"]
[Round "4"]
[White "Makarichev, Sergey"]
[Black "Dyachkov, Sergej"]
[Result "1/2-1/2"]
[WhiteElo "2540"]
[BlackElo "2510"]
[PlyCount "81"]
[EventDate "1994.??.??"]
[EventType "team-tourn"]
[EventRounds "9"]
[EventCountry "RUS"]
[SourceTitle "EXT 2020"]
[Source "ChessBase"]
[SourceDate "2019.10.17"]
[SourceVersion "1"]
[SourceVersionDate "2019.10.17"]
[SourceQuality "1"]
[WhiteTeam "Moscow CSKA"]
[BlackTeam "Saratov GShK"]
[WhiteTeamCountry "RUS"]
[BlackTeamCountry "RUS"]

1. c4 d6 2. Nc3 g6 3. g3 Bg7 4. Bg2 Nf6 5. e4 0-0 6. Nge2 c5 7. 0-0 Nc6 8. d3 a6 9. Rb1 Rb8 10. a3 b5 11. cxb5 axb5 12. b4 cxb4 13. axb4 Bg4 14. h3 Bxe2 15. Nxe2 e6 16. Be3 Nd7 17. Qd2 Nb6 18. Rfc1 Qd7 19. Rc2 Rfc8 20. Rbc1 Na4 21. d4 Ne7 22. d5 exd5 23. exd5 Nf5 24. Bd4 Bh6 25. f4 Rxc2 26. Rxc2 Nb6 27. Bf2 Nc4 28. Qd3 Ra8 29. Nc3 Ra3 30. Ra2 Rxa2 31. Nxa2 Bg7 32. Nc3 Qe8 33. g4 Nfe3 34. Bf3 Bxc3 35. Qxc3 Qe7 36. Qe1 Qa7 37. Be2 Qa8 38. Bf3 Qe8 39. Qc3 Qe7 40. Qd3 Qa7 41. Qc3 1/2-1/2

[Event "RUS-chT 02nd"]
[Site "Kolontaevo"]
[Date "1994.??.??"]
[Round "1"]
[White "Petrienko, Vladimir"]
[Black "Makarichev, Sergey"]
[Result "1-0"]
[WhiteElo "2450"]
[BlackElo "2540"]
[PlyCount "81"]
[EventDate "1994.??.??"]
[EventType "team-tourn"]
[EventRounds "9"]
[EventCountry "RUS"]
[SourceTitle "EXT 2020"]
[Source "ChessBase"]
[SourceDate "2019.10.17"]
[SourceVersion "1"]
[SourceVersionDate "2019.10.17"]
[SourceQuality "1"]
[WhiteTeam "Voronezh OShK"]
[BlackTeam "Moscow CSKA"]
[WhiteTeamCountry "RUS"]
[BlackTeamCountry "RUS"]

1. e4 c5 2. Nc3 Nc6 3. g3 g6 4. Bg2 Bg7 5. d3 d6 6. Be3 Rb8 7. Qd2 b5 8. f4 b4 9. Nd1 e6 10. Nf3 Nge7 11. 0-0 0-0 12. a3 a5 13. axb4 axb4 14. c3 Na5 15. Qc2 bxc3 16. bxc3 Nec6 17. Nf2 Bd7 18. e5 dxe5 19. fxe5 Nxe5 20. Nxe5 Bxe5 21. Ng4 Bg7 22. Nh6+ Bxh6 23. Bxh6 Qc7 24. Qf2 f5 25. Bxf8 Rxf8 26. Ra3 c4 27. d4 Nb3 28. Qf4 Qb6 29. Ra2 Rd8 30. Qe5 Kf7 31. Re1 Bc8 32. h4 h6 33. Kh2 g5 34. Bf3 g4 35. Bg2 Kg6 36. Qf4 Nxd4 37. cxd4 Rxd4 38. Qf2 Qd6 39. Rc2 e5 40. Qe2 e4 41. Rxc4 1-0

[Event "Cappelle op 09th"]
[Site "Cappelle la Grande"]
[Date "1993.??.??"]
[Round "5"]
[White "Delmont, Jean Robert"]
[Black "Makarichev, Sergey"]
[Result "0-1"]
[WhiteElo "2175"]
[BlackElo "2545"]
[PlyCount "48"]
[EventDate "1993.02.??"]
[EventType "swiss"]
[EventRounds "9"]
[EventCountry "FRA"]
[SourceTitle "TD"]
[Source "ChessBase"]
[SourceDate "1994.03.01"]
[SourceVersion "1"]
[SourceVersionDate "1994.03.01"]
[SourceQuality "1"]

1. d4 e6 2. c4 f5 3. e4 fxe4 4. Nc3 Bb4 5. f3 Nc6 6. a3 Bxc3+ 7. bxc3 d5 8. Qc2 Nf6 9. Bg5 0-0 10. fxe4 dxe4 11. Ne2 e5 12. d5 Ne7 13. Bxf6 Rxf6 14. Qxe4 Bf5 15. Qxe5 Qd7 16. Nd4 Re8 17. Be2 c6 18. dxc6 Nxc6 19. Qd5+ Qxd5 20. cxd5 Nxd4 21. cxd4 Bd3 22. Ra2 Bc4 23. Rc2 b5 24. Kd1 Bb3 0-1

[Event "Oviedo rapid"]
[Site "Oviedo"]
[Date "1993.??.??"]
[Round "4"]
[White "Foisor, Ovidiu Doru"]
[Black "Makarichev, Sergey"]
[Result "1/2-1/2"]
[WhiteElo "2425"]
[BlackElo "2545"]
[PlyCount "62"]
[EventDate "1993.??.??"]
[EventType "swiss (rapid)"]
[EventRounds "13"]
[EventCountry "ESP"]
[SourceTitle "CBM 038 Extra"]
[Source "ChessBase"]
[SourceDate "1994.03.01"]
[SourceVersion "1"]
[SourceVersionDate "1994.03.01"]
[SourceQuality "1"]

1. c4 e5 2. g3 Nf6 3. Bg2 c6 4. d4 exd4 5. Qxd4 d5 6. Nf3 Be7 7. cxd5 cxd5 8. Be3 0-0 9. 0-0 Ne4 10. Nc3 Bf6 11. Qd3 Nxc3 12. bxc3 Nc6 13. Rfd1 Be6 14. Bd4 Rc8 15. e4 dxe4 16. Qxe4 Bd5 17. Bxf6 Bxe4 18. Bxd8 Rfxd8 19. Rxd8+ Rxd8 20. Re1 Bd5 21. Ne5 Bxg2 22. Kxg2 Nxe5 23. Rxe5 Kf8 24. Rc5 Ke7 25. Kf3 Kd6 26. Rh5 h6 27. Ke3 Re8+ 28. Kd2 Re5 29. Rxe5 Kxe5 30. Kd3 Kd5 31. c4+ Kc5 1/2-1/2

[Event "Oviedo rapid"]
[Site "Oviedo"]
[Date "1993.??.??"]
[Round "9"]
[White "Makarichev, Sergey"]
[Black "Glavina, Pablo"]
[Result "1-0"]
[WhiteElo "2545"]
[BlackElo "2420"]
[PlyCount "61"]
[EventDate "1993.??.??"]
[EventType "swiss (rapid)"]
[EventRounds "13"]
[EventCountry "ESP"]
[SourceTitle "CBM 038 Extra"]
[Source "ChessBase"]
[SourceDate "1994.03.01"]
[SourceVersion "1"]
[SourceVersionDate "1994.03.01"]
[SourceQuality "1"]

1. e4 c6 2. c4 d5 3. cxd5 cxd5 4. exd5 Nf6 5. Nc3 g6 6. Bc4 Bg7 7. Nge2 0-0 8. d3 Nbd7 9. 0-0 Nb6 10. Qb3 Bf5 11. Be3 Nxc4 12. dxc4 Ng4 13. Bf4 Qc8 14. Rad1 Be5 15. h3 Bxf4 16. hxg4 Bxg4 17. Nxf4 Bxd1 18. Rxd1 Qf5 19. Nfe2 Rab8 20. Qa3 a6 21. Qxe7 Rfe8 22. Qb4 Qg4 23. Rd4 Qh5 24. Qd6 Rbd8 25. Qf6 Qh6 26. Rf4 Rd7 27. Ne4 Rde7 28. d6 Rd7 29. Qd4 f5 30. Nf6+ Kf7 31. Nxe8 1-0

[Event "Oviedo rapid"]
[Site "Oviedo"]
[Date "1993.??.??"]
[Round "6"]
[White "Maric, Mirjana"]
[Black "Makarichev, Sergey"]
[Result "0-1"]
[WhiteElo "2275"]
[BlackElo "2545"]
[PlyCount "67"]
[EventDate "1993.??.??"]
[EventType "swiss (rapid)"]
[EventRounds "13"]
[EventCountry "ESP"]
[SourceTitle "CBM 038 Extra"]
[Source "ChessBase"]
[SourceDate "1994.03.01"]
[SourceVersion "1"]
[SourceVersionDate "1994.03.01"]
[SourceQuality "1"]

1. e4 c5 2. c3 d6 3. d4 Nf6 4. Bd3 g6 5. Nf3 Bg7 6. 0-0 0-0 7. Nbd2 cxd4 8. cxd4 Nc6 9. d5 Nb4 10. Bb1 Bd7 11. a3 Na6 12. Ra2 Nc5 13. b4 Na4 14. Qb3 Ng4 15. Rc2 Nb6 16. Qd3 Ba4 17. Nb3 Qd7 18. Re1 Bb5 19. Qd1 Rac8 20. h3 Ne5 21. Nxe5 Bxe5 22. Rxc8 Rxc8 23. Na5 Na4 24. Bd2 Nc3 25. Qf3 Nxb1 26. Rxb1 Rc2 27. Nb3 Bc4 28. Qd1 Bxb3 29. Rxb3 Qc7 30. Rb1 Bb2 31. a4 Qc4 32. Qe1 a6 33. a5 f6 34. Rd1 0-1

[Event "Oviedo rapid45"]
[Site "Oviedo"]
[Date "1992.??.??"]
[Round "8"]
[White "Makarichev, Sergey"]
[Black "Svidler, Peter"]
[Result "1-0"]
[WhiteElo "2530"]
[BlackElo "2465"]
[PlyCount "51"]
[EventDate "1992.??.??"]
[EventType "swiss (rapid)"]
[EventRounds "11"]
[EventCountry "ESP"]
[SourceTitle "TD"]
[Source "ChessBase"]
[SourceDate "1994.03.01"]
[SourceVersion "1"]
[SourceVersionDate "1994.03.01"]
[SourceQuality "1"]

1. c4 e5 2. Nc3 f5 3. g3 Nc6 4. Bg2 g6 5. d3 Bg7 6. e4 d6 7. Nge2 Nf6 8. 0-0 0-0 9. Nd5 Nh5 10. exf5 Bxf5 11. h3 Be6 12. g4 Nf6 13. Bg5 Ne7 14. Nxf6+ Bxf6 15. Bxf6 Rxf6 16. b3 c6 17. d4 Qc7 18. Qd2 Raf8 19. Rae1 e4 20. d5 cxd5 21. Nc3 Qc5 22. cxd5 Bxd5 23. Bxe4 Be6 24. Bg2 Qc8 25. Ne4 Rf4 26. Ng5 1-0

[Event "Moscow Tal Memorial"]
[Site "Moscow"]
[Date "1992.??.??"]
[Round "?"]
[White "Morozevich, Alexander"]
[Black "Makarichev, Sergey"]
[Result "1/2-1/2"]
[WhiteElo "2385"]
[BlackElo "2530"]
[PlyCount "70"]
[EventDate "1992.08.??"]
[EventType "swiss"]
[EventRounds "9"]
[EventCountry "RUS"]
[SourceTitle "EXT 1997"]
[Source "ChessBase"]
[SourceDate "1996.11.15"]
[SourceVersion "1"]
[SourceVersionDate "1996.11.15"]
[SourceQuality "1"]

1. e4 e5 2. Nf3 Nf6 3. d3 Nc6 4. c3 d5 5. Nbd2 a5 6. Be2 g6 7. b3 Bg7 8. Ba3 Nh5 9. 0-0 Nf4 10. Re1 Nxe2+ 11. Qxe2 Be6 12. exd5 Qxd5 13. c4 Qd7 14. Bb2 Bg4 15. d4 0-0-0 16. dxe5 Rhe8 17. Qe3 f6 18. h3 Bf5 19. g4 fxe5 20. gxf5 gxf5 21. Kh2 e4 22. Bxg7 exf3 23. Qxf3 Qxg7 24. Qxf5+ Kb8 25. Rxe8 Rxe8 26. Rg1 Qb2 27. Ne4 Qxa2 28. Nc5 b6 29. Qf7 Qe2 30. Na6+ Kb7 31. Qxc7+ Kxa6 32. Qxc6 Qxf2+ 33. Kh1 Rf8 34. Qb5+ Ka7 35. Qd7+ Ka6 1/2-1/2

[Event "EU-Cup 07th final"]
[Site "Solingen"]
[Date "1991.03.11"]
[Round "5.1"]
[White "Lobron, Eric"]
[Black "Makarichev, Sergey"]
[Result "1-0"]
[WhiteElo "2545"]
[BlackElo "2550"]
[PlyCount "79"]
[EventDate "1991.03.11"]
[EventType "team-match"]
[EventRounds "2"]
[EventCountry "GER"]
[SourceTitle "EXT 2020"]
[Source "ChessBase"]
[SourceDate "2019.10.17"]
[SourceVersion "1"]
[SourceVersionDate "2019.10.17"]
[SourceQuality "1"]
[WhiteTeam "Solingen SG"]
[BlackTeam "Moscow CSKA"]
[WhiteTeamCountry "GER"]
[BlackTeamCountry "RUS"]

1. Nf3 Nf6 2. c4 b6 3. g3 c5 4. Bg2 Bb7 5. Nc3 g6 6. 0-0 Bg7 7. Re1 0-0 8. e4 Nc6 9. e5 Ng4 10. h3 Nh6 11. d4 Nxd4 12. Nxd4 Bxg2 13. Kxg2 cxd4 14. Qxd4 Nf5 15. Qe4 d6 16. Bf4 dxe5 17. Bxe5 Nd6 18. Qf4 Bxe5 19. Rxe5 e6 20. Rd1 Qc7 21. Re4 Ne8 22. b3 Qxf4 23. Rxf4 Kg7 24. Rfd4 Nf6 25. f4 h5 26. Kf3 Rfe8 27. Ne4 e5 28. Nxf6 Kxf6 29. Re4 exf4 30. Rxf4+ Kg7 31. Rd7 Rf8 32. h4 a6 33. Ke4 Rae8+ 34. Kd5 Re3 35. Kc6 Rxg3 36. Kxb6 Rg4 37. Rxg4 hxg4 38. c5 g5 39. hxg5 Kg6 40. c6 1-0

[Event "URS-ch58"]
[Site "Moscow"]
[Date "1991.??.??"]
[Round "6"]
[White "Magerramov, Elmar S"]
[Black "Makarichev, Sergey"]
[Result "1-0"]
[WhiteElo "2560"]
[BlackElo "2535"]
[PlyCount "71"]
[EventDate "1991.11.??"]
[EventType "swiss"]
[EventRounds "11"]
[EventCountry "URS"]
[SourceTitle "URS-ch"]
[Source "ChessBase"]
[SourceDate "1999.07.01"]
[SourceVersion "1"]
[SourceVersionDate "1999.07.01"]
[SourceQuality "1"]

1. d4 Nf6 2. c4 e6 3. Nf3 b6 4. g3 Bb4+ 5. Bd2 a5 6. Bg2 0-0 7. 0-0 Ba6 8. b3 d5 9. cxd5 Nxd5 10. Re1 c5 11. e4 Nf6 12. a3 Bxd2 13. Nbxd2 Nbd7 14. e5 Nd5 15. Ne4 Qb8 16. Nd6 cxd4 17. Qxd4 Nc5 18. Ng5 Qd8 19. Qg4 Ra7 20. b4 Nd3 21. Be4 g6 22. Nxe6 Nxe5 23. Nxd8 Nxg4 24. N8xf7 Ndf6 25. Bc2 Raxf7 26. Bb3 Nh6 27. Nxf7 Nxf7 28. Re6 Kg7 29. Rxb6 Bc8 30. bxa5 Ng5 31. f4 Nh3+ 32. Kg2 Re8 33. Rc1 Re2+ 34. Kf1 Rf2+ 35. Ke1 Ne4 36. Rc2 1-0

[Event "URS-ch58"]
[Site "Moscow"]
[Date "1991.??.??"]
[Round "1"]
[White "Makarichev, Sergey"]
[Black "Aleksandrov, Aleksej"]
[Result "1/2-1/2"]
[WhiteElo "2535"]
[BlackElo "2450"]
[PlyCount "50"]
[EventDate "1991.11.??"]
[EventType "swiss"]
[EventRounds "11"]
[EventCountry "URS"]
[SourceTitle "URS-ch"]
[Source "ChessBase"]
[SourceDate "1999.07.01"]
[SourceVersion "1"]
[SourceVersionDate "1999.07.01"]
[SourceQuality "1"]

1. c4 e6 2. Nf3 d5 3. e3 Nf6 4. b3 b6 5. Bb2 Bb7 6. Nc3 Nbd7 7. Rc1 c5 8. cxd5 exd5 9. d4 Bd6 10. Bd3 0-0 11. 0-0 Qe7 12. Qe2 Rad8 13. Ba6 Ba8 14. Rfd1 Ne4 15. dxc5 Ndxc5 16. Bb5 Bb8 17. b4 Ne6 18. a3 a5 19. Na4 axb4 20. axb4 Qxb4 21. Nxb6 Nd6 22. Nxa8 Nxb5 23. Rb1 Qc4 24. Qf1 Ba7 25. Be5 f6 1/2-1/2

[Event "URS-ch58"]
[Site "Moscow"]
[Date "1991.??.??"]
[Round "10"]
[White "Makarichev, Sergey"]
[Black "Ulybin, Mikhail"]
[Result "1-0"]
[WhiteElo "2535"]
[BlackElo "2565"]
[PlyCount "117"]
[EventDate "1991.11.??"]
[EventType "swiss"]
[EventRounds "11"]
[EventCountry "URS"]
[SourceTitle "URS-ch"]
[Source "ChessBase"]
[SourceDate "1999.07.01"]
[SourceVersion "1"]
[SourceVersionDate "1999.07.01"]
[SourceQuality "1"]

1. e4 e6 2. d4 d5 3. exd5 exd5 4. Nf3 Nf6 5. Bd3 c5 6. 0-0 c4 7. Re1+ Be7 8. Bf1 0-0 9. Bg5 Bg4 10. h3 Bh5 11. Nc3 Nc6 12. g4 Bg6 13. Ne5 Re8 14. Bg2 Qa5 15. f4 h6 16. Bxf6 Bxf6 17. Bxd5 Bxe5 18. dxe5 Qb6+ 19. Kg2 Qxb2 20. Qd2 Qxc2 21. Qxc2 Bxc2 22. Nb5 Nb4 23. Bxc4 Bd3 24. Rec1 Re7 25. Nd6 Bxc4 26. Rxc4 Nd3 27. Rd4 Nc5 28. Rc1 b6 29. h4 Rd8 30. Kf3 g5 31. Rcd1 Ne6 32. R4d2 Rc7 33. hxg5 hxg5 34. f5 Rc3+ 35. Rd3 Rxd3+ 36. Rxd3 Nc5 37. Rd2 Kg7 38. Rh2 Nd7 39. Nxf7 Kxf7 40. e6+ Kg7 41. exd7 Rxd7 42. Rh5 Rd2 43. Rxg5+ Kf7 44. Rh5 Rxa2 45. Kf4 Kg7 46. Kg5 Ra5 47. Rh6 Rd5 48. Rg6+ Kf7 49. Rc6 Rc5 50. Rd6 Rc7 51. Rh6 Kg8 52. f6 b5 53. Kg6 b4 54. Rh3 Rd7 55. Rh5 Rb7 56. Rc5 Rb8 57. Rc7 b3 58. Rg7+ Kf8 59. Rh7 1-0

[Event "URS-ch58"]
[Site "Moscow"]
[Date "1991.??.??"]
[Round "9"]
[White "Nikolenko, Oleg"]
[Black "Makarichev, Sergey"]
[Result "1/2-1/2"]
[WhiteElo "2450"]
[BlackElo "2535"]
[PlyCount "103"]
[EventDate "1991.11.??"]
[EventType "swiss"]
[EventRounds "11"]
[EventCountry "URS"]
[SourceTitle "URS-ch"]
[Source "ChessBase"]
[SourceDate "1999.07.01"]
[SourceVersion "1"]
[SourceVersionDate "1999.07.01"]
[SourceQuality "1"]

1. e4 e5 2. Nf3 Nf6 3. Nc3 Nc6 4. Bb5 Nd4 5. Ba4 Bc5 6. Nxe5 0-0 7. Nd3 Bb6 8. e5 Ne8 9. Nd5 d6 10. Ne3 Qe7 11. exd6 Nxd6 12. 0-0 c6 13. c3 N4f5 14. Ne1 Ne4 15. Bc2 Re8 16. d4 Bc7 17. Nd3 Qh4 18. Ne5 Bxe5 19. dxe5 Rxe5 20. f3 Nxe3 21. Bxe3 Nxc3 22. Qe1 Qe7 23. Qxc3 Rxe3 24. Rfe1 Rxe1+ 25. Rxe1 Be6 26. Bb3 Rd8 27. Qe3 a6 28. f4 Qf6 29. Qb6 Bxb3 30. axb3 h5 31. Qxb7 Qd4+ 32. Kh1 Qe4 33. Rg1 h4 34. h3 f5 35. Qxa6 Rd3 36. Kh2 Qxf4+ 37. Kh1 Qe4 38. Kh2 Qe5+ 39. Kh1 Qd5 40. Kh2 Qd6+ 41. Kh1 Qd5 42. Kh2 Kh7 43. Qc4 Qe5+ 44. Kh1 Qe4 45. Kh2 Rd4 46. Qc3 Qe5+ 47. Kh1 Qd5 48. Kh2 Rd2 49. Qb4 Rd4 50. Qc3 c5 51. Rf1 Rd2 52. Qf3 1/2-1/2

[Event "EU-Cup 07th semifinal"]
[Site "Moscow"]
[Date "1990.09.??"]
[Round "4.2"]
[White "Smagin, Sergey"]
[Black "Makarichev, Sergey"]
[Result "1/2-1/2"]
[WhiteElo "2550"]
[BlackElo "2545"]
[PlyCount "80"]
[EventDate "1990.09.??"]
[EventType "team-match"]
[EventRounds "2"]
[EventCountry "URS"]
[SourceTitle "EXT 2020"]
[Source "ChessBase"]
[SourceDate "2019.10.17"]
[SourceVersion "1"]
[SourceVersionDate "2019.10.17"]
[SourceQuality "1"]
[WhiteTeam "Moscow Tigran Petrosian"]
[BlackTeam "Moscow CSKA"]
[WhiteTeamCountry "RUS"]
[BlackTeamCountry "URS"]

1. e4 e5 2. Nf3 Nf6 3. Nxe5 d6 4. Nc4 Nxe4 5. d4 d5 6. Ne3 Qf6 7. Qe2 Be6 8. c3 Nc6 9. Nd2 0-0-0 10. g3 Nxd2 11. Bxd2 h5 12. Bg2 Qg6 13. 0-0-0 Ne7 14. Bf3 Nf5 15. Ng2 Bd6 16. h4 c6 17. Rde1 Bd7 18. Nf4 Bxf4 19. Bxf4 Nd6 20. Qe7 Bf5 21. Qg5 Rd7 22. Bxd6 Rxd6 23. Re7 Rd7 24. Re5 Bb1 25. Qxg6 Bxg6 26. Kd2 f6 27. Re3 Kd8 28. Rhe1 Re8 29. Rxe8+ Bxe8 30. b4 Bg6 31. Bd1 Rf7 32. Re3 Kd7 33. Be2 Rf8 34. Bf1 Bf5 35. Be2 Rh8 36. c4 dxc4 37. Bxc4 Kd6 38. Ra3 a6 39. Re3 Rf8 40. a4 Bg6 1/2-1/2

[Event "Reykjavik Summit"]
[Site "Reykjavik"]
[Date "1990.??.??"]
[Round "?"]
[White "Arnason, Jon Loftur"]
[Black "Makarichev, Sergey"]
[Result "1/2-1/2"]
[WhiteElo "2500"]
[BlackElo "2510"]
[PlyCount "39"]
[EventDate "1990.03.??"]
[EventType "team"]
[EventRounds "6"]
[EventCountry "ISL"]
[SourceTitle "CBM 018"]
[Source "ChessBase"]
[SourceDate "1990.10.01"]
[SourceVersion "1"]
[SourceVersionDate "1990.10.01"]
[SourceQuality "1"]

1. e4 e5 2. Nf3 Nf6 3. Nxe5 d6 4. Nf3 Nxe4 5. Nc3 Nxc3 6. dxc3 Be7 7. Be3 Nc6 8. Qd2 0-0 9. 0-0-0 Be6 10. Kb1 Ne5 11. Nd4 Bc4 12. b3 Bxf1 13. Rhxf1 Bf6 14. h3 Qd7 15. g4 Nc6 16. Nf5 a5 17. h4 Ne7 18. Nxe7+ Bxe7 19. Bd4 a4 20. Rfe1 1/2-1/2

[Event "Reykjavik op"]
[Site "Reykjavik"]
[Date "1990.??.??"]
[Round "8"]
[White "Bronstein, David Ionovich"]
[Black "Makarichev, Sergey"]
[Result "1/2-1/2"]
[WhiteElo "2445"]
[BlackElo "2510"]
[PlyCount "34"]
[EventDate "1990.03.??"]
[EventType "swiss"]
[EventRounds "11"]
[EventCountry "ISL"]
[SourceTitle "CBM 018 Extra"]
[Source "ChessBase"]
[SourceDate "1990.11.01"]
[SourceVersion "1"]
[SourceVersionDate "1990.11.01"]
[SourceQuality "1"]

1. d4 e6 2. e4 d5 3. Nd2 c5 4. dxc5 Bxc5 5. Nb3 Bb6 6. Bb5+ Nc6 7. exd5 exd5 8. a4 Nge7 9. Ne2 0-0 10. 0-0 Bg4 11. Kh1 a6 12. Bd3 Ne5 13. a5 Ba7 14. f3 Bf5 15. Ned4 Bxd3 16. cxd3 N7c6 17. Be3 Re8 1/2-1/2